| 000 | 01420pam a22003617a 4500 | ||
|---|---|---|---|
| 999 |
_c17366 _d17366 |
||
| 008 | 070522s2006 ie a b 001 0 eng d | ||
| 020 | _a1846820235 (hbk.) | ||
| 020 | _a9781846820236 (hbk.) | ||
| 043 | _ae-ie--- | ||
| 050 | 0 | 0 | _aNA5491.C614L39 2006 |
| 100 | 1 |
_aLawrence, David, _d1942 November 4- |
|
| 245 | 1 | 4 |
_aThe Cathedral of St Fin Barre at Cork : _bWilliam Burges in Ireland / _cDavid Lawrence & Ann Wilson. |
| 260 |
_aDublin ; _aPortland, Or. : _bFour Courts Press, _cc2006. |
||
| 300 |
_a200 p. : _bill. (chiefly col.) ; _c26 cm. |
||
| 504 | _aIncludes bibliographical references (p. 195-197) and index. | ||
| 600 | 1 | 0 |
_aBurges, William, _d1827-1881. |
| 610 | 2 | 0 | _aSt. Fin Barre's Cathedral (Cork, Ireland) |
| 650 | 0 |
_aChurch architecture _zIreland _zCork. |
|
| 700 | 1 |
_aWilson, Ann, _d1944- |
|
| 942 |
_2lcc _cBOOKS |
||